[Event "2nd JAHV McGregor Open"]
[Site "Bogota COL"]
[Date "2011.12.07"]
[Round "3"]
[White "Romero,Da"]
[Black "Torres,Ju2"]
[Result "0-1"]
[WhiteElo "1836"]
[BlackElo "2267"]

1.e4 c5 2.Nf3 e6 3.d4 cxd4 4.Nxd4 a6 5.Nc3 b5 6.Be3 d6 7.a3 Nf6 8.Be2 Be7
9.O-O Bb7 10.f3 Nbd7 11.Qe1 Qc7 12.Bd3 O-O 13.g4 g6 14.Qf2 Rac8 15.h4 d5
16.exd5 Nxd5 17.Nxd5 Bxd5 18.Ne2 Ne5 19.Nd4 Bd6 20.Qg2 Nxd3 21.cxd3 e5 22.Ne2 Qc2
23.Nc3 Qxg2+ 24.Kxg2 Bb7 25.Rac1 Be7 26.Bf2 f5 27.g5 Rfd8 28.Rcd1 Bxa3 29.bxa3 Rxc3  0-1

[Event "2nd JAHV McGregor Open"]
[Site "Bogota COL"]
[Date "2011.12.07"]
[Round "4"]
[White "Joseph,M"]
[Black "Torres,Jorge Emilio"]
[Result "1-0"]
[WhiteElo "2182"]
[BlackElo "1997"]

1.e4 c5 2.Nf3 e6 3.Nc3 a6 4.d4 cxd4 5.Nxd4 Qc7 6.g3 Nc6 7.Bg2 Nge7 8.Nde2 g6
9.Bf4 Qa5 10.O-O Bg7 11.Bd6 O-O 12.a4 Re8 13.f4 Qb6+ 14.Kh1 Nd4 15.e5 Nef5
16.Ne4 Qxb2 17.Rb1 Qa2 18.Nxd4 Ne3 19.Qd3 Nxf1 20.Nc3  1-0

[Event "2nd JAHV McGregor Open"]
[Site "Bogota COL"]
[Date "2011.12.07"]
[Round "4"]
[White "Contreras,H"]
[Black "Moreno,J"]
[Result "1-0"]
[WhiteElo "2240"]
[BlackElo "1980"]

1.e4 c5 2.Nf3 e6 3.d4 cxd4 4.Nxd4 a6 5.Nc3 Qc7 6.g3 b5 7.Bg2 Bb7 8.O-O d6
9.Re1 Nf6 10.a4 bxa4 11.Nd5 Qd8 12.Bg5 Be7 13.Nxe7 Qxe7 14.Nf5 exf5 15.exf5 Bxg2
16.Bxf6 gxf6 17.Kxg2  1-0

[Event "8th Vasylyshyn Mem IM"]
[Site "Lviv UKR"]
[Date "2011.12.07"]
[Round "9"]
[White "Terletsky,O"]
[Black "Volovikov,An"]
[Result "1-0"]
[WhiteElo "2185"]
[BlackElo "2315"]

1.e4 c5 2.Nf3 e6 3.d4 cxd4 4.Nxd4 a6 5.Nc3 b5 6.Bd3 Qb6 7.Nf3 Qc7 8.O-O Bb7
9.Re1 Nf6 10.e5 Nd5 11.Ne4 Nc6 12.Bg5 Ncb4 13.c3 Nxd3 14.Qxd3 Qc4 15.Qd2 b4
16.Rac1 bxc3 17.bxc3 Rc8 18.Rb1 Ba8 19.Nd4 h6 20.Bh4 Bc5 21.Nb3 Ba3 22.Na5 Qa4
23.c4 Ne7 24.Nd6+ Bxd6 25.Qxd6 Nf5 26.Qc5 Bc6 27.Rb4 Qxa2 28.Nxc6 Qd2 29.Rbb1 dxc6
30.Red1 Qc2 31.Qxc6+  1-0

[Event "8th Vasylyshyn Mem GM"]
[Site "Lviv UKR"]
[Date "2011.12.07"]
[Round "9"]
[White "Vovk,Y"]
[Black "Chekhov,S"]
[Result "1/2-1/2"]
[WhiteElo "2571"]
[BlackElo "2421"]

1.e4 c5 2.Nf3 e6 3.d4 cxd4 4.Nxd4 a6 5.Nc3 Qc7 6.Be2 Nf6 7.O-O Bb4 8.Qd3 Nc6
9.Nxc6 bxc6 10.f4 d5 11.e5 Nd7 12.Na4 a5 13.Qg3 O-O 14.Be3 Ba6 15.Bxa6 Rxa6
16.c4 Be7 17.Rac1 Qb8 18.b3 Ra8 19.Rc2 Kh8 20.Qg4 Qb4 21.Qe2 Qb7 22.Qd3 Qa6
23.Rd1 Qb7 24.Qe2 Rae8 25.cxd5 cxd5 26.Bd4 Rc8 27.f5 Rxc2 28.Qxc2 Rc8 29.Qe2 exf5
30.e6 fxe6 31.Qxe6 Bf6 32.Bf2 f4 33.h3 Nf8 34.Qf5 Rd8 35.Nc5 Qc6 36.Qxf4 Ne6
37.Nxe6 Qxe6 38.Qc7 Qa6 39.Qb6 Qa8 40.Bd4 Rb8 41.Qc7 Rc8 42.Qf4 Bxd4+ 43.Qxd4 Rd8
44.Qc5 h6 45.Rd4 Rd7 46.Rf4 Kg8 47.Qb6 Kh7 48.Qe6 Qa7+ 49.Kh1 Qc7 50.Qe3 Qc2
51.Rf2 Qg6 52.Qd4 Rd6 53.Rf3 Rd7 54.Kh2 Qd6+ 55.Kg1 Re7 56.Rf1 Re4 57.Qd3 Qe5
58.Rd1 Kh8 59.Rf1 Re1 60.Rxe1 Qxe1+ 61.Kh2  1/2-1/2

[Event "2nd JAHV McGregor Open"]
[Site "Bogota COL"]
[Date "2011.12.08"]
[Round "5"]
[White "Gutierrez Villamil,Jonathan"]
[Black "Torres,Ju2"]
[Result "0-1"]
[WhiteElo "2089"]
[BlackElo "2267"]

1.e4 c5 2.Nf3 e6 3.d4 cxd4 4.Nxd4 a6 5.Nc3 b5 6.Bd3 d6 7.O-O Nf6 8.Qe2 Be7
9.Kh1 Bb7 10.f4 O-O 11.a3 g6 12.f5 gxf5 13.Bh6 Re8 14.Nxf5 exf5 15.Rxf5 Kh8
16.e5 dxe5 17.Rxf6 Bxf6 18.Qh5 Rg8 19.Rg1 Rg6 20.Ne4 Qe7 21.Rf1 Nd7 22.Rf3 Rag8
23.Rh3 Rxg2 24.Be3 R8g7 25.Rg3 R2xg3 26.hxg3 Bg5  0-1

[Event "2nd JAHV McGregor Open"]
[Site "Bogota COL"]
[Date "2011.12.11"]
[Round "9"]
[White "Uribe Arteaga,D"]
[Black "Ortiz Suarez,I"]
[Result "0-1"]
[WhiteElo "2228"]
[BlackElo "2553"]

1.e4 c5 2.Nf3 e6 3.d4 cxd4 4.Nxd4 a6 5.Nc3 Qc7 6.Be2 Nf6 7.O-O d6 8.Be3 Be7
9.f4 Nc6 10.Qd2 O-O 11.a4 Re8 12.Kh1 Bd7 13.Nb3 b6 14.Bf3 Bc8 15.a5 Nd7 16.axb6 Nxb6
17.Qd3 Rb8 18.Rf2 Nb4 19.Qf1 Nc4 20.Bc1 Bf6 21.Na4 Bd7 22.c3 Bb5 23.Be2 Nc2
24.Ra2 Rec8 25.Bd3 N2a3 26.bxa3 Bxa4 27.Nd4 Qc5 28.e5 dxe5 29.fxe5 Nxe5 30.Bxa6 Rc7
31.Bf4 Qxc3 32.Nb5 Bxb5 33.Bxb5 Rc5 34.a4 Rbc8 35.h3 Ng6 36.Bd6 Rd5 37.Rac2 Qxc2
38.Rxc2 Rxc2 39.Bg3 h5 40.Qb1 Rb2 41.Qc1 h4 42.Bb8 Rdd2 43.Bf1 Rdc2 44.Qd1 Bg5
45.Bd6 Rc1 46.Qf3 Rbb1  0-1

[Event "IV Amitan Mem GM"]
[Site "Donetsk UKR"]
[Date "2011.12.11"]
[Round "5"]
[White "Polivanov,A"]
[Black "Baghdasaryan,V"]
[Result "0-1"]
[WhiteElo "2435"]
[BlackElo "2362"]

1.e4 c5 2.Nf3 e6 3.d4 cxd4 4.Nxd4 a6 5.Nc3 Qc7 6.Be2 Nc6 7.Be3 Nf6 8.a3 d6
9.g4 Be7 10.g5 Nd7 11.f4 b5 12.Nxc6 Qxc6 13.Qd4 O-O 14.O-O-O Bb7 15.f5 Rfc8
16.f6 Bf8 17.fxg7 Bxg7 18.Qxd6 Bxc3 19.Qxc6 Bxc6 20.bxc3 Bxe4 21.Rxd7 Rxc3
22.Bd4 Rxc2+ 23.Kd1 Rxe2 24.Rf1 Rg2 25.Rfxf7 Rxg5 26.h4 Rg4 27.Bf6 Rc8 28.Bg5 Rg1+
29.Kd2 Rc2+ 30.Ke3 Re1+ 31.Kd4 Rc4+ 32.Ke5 Bg6+ 33.Kf6 Rf1+  0-1

[Event "IV Amitan Mem GM"]
[Site "Donetsk UKR"]
[Date "2011.12.13"]
[Round "8"]
[White "Polivanov,A"]
[Black "Levin,Ev"]
[Result "0-1"]
[WhiteElo "2435"]
[BlackElo "2486"]

1.e4 c5 2.Nf3 e6 3.d4 cxd4 4.Nxd4 a6 5.Nc3 Qc7 6.Be2 b5 7.O-O Bb7 8.Re1 Nc6
9.Nxc6 dxc6 10.e5 Rd8 11.Bd3 c5 12.Qg4 Ne7 13.Bg5 Rd4 14.Qh3 h5 15.Be3 Rd8
16.f4 c4 17.Be4 b4 18.Qf3 bxc3 19.Bxb7 Rb8 20.Bxa6 cxb2 21.Rab1 Nd5 22.a4 Bb4
23.Re2 Nxe3 24.Rxe3 Bc5 25.Bb5+ Rxb5 26.axb5 O-O 27.Kf2 c3  0-1

[Event "18th Zadar Open A"]
[Site "Zadar CRO"]
[Date "2011.12.13"]
[Round "4.11"]
[White "Paljusaj,E"]
[Black "Bosiocic,Mari"]
[Result "0-1"]
[WhiteElo "2352"]
[BlackElo "2593"]

1.e4 c5 2.Nf3 e6 3.d4 cxd4 4.Nxd4 a6 5.Nc3 b5 6.Bd3 Qb6 7.Nb3 Qc7 8.Be3 Nf6
9.f4 d6 10.Qf3 Bb7 11.O-O Nbd7 12.a4 b4 13.Ne2 Be7 14.c4 g5 15.Ng3 g4 16.Qe2 h5
17.e5 dxe5 18.f5 h4 19.fxe6 fxe6 20.Bg6+ Kd8 21.Nh1 h3 22.gxh3 gxh3 23.Ng3 a5
24.Rad1 Kc8 25.Kf2 Bg2 26.Ke1 Bxf1 27.Qxf1 Qc6 28.Qd3 Rd8 29.Ne4 Nf8  0-1

[Event "78th ch-BRA"]
[Site "Campinas BRA"]
[Date "2011.12.14"]
[Round "5"]
[White "Santiago,Y"]
[Black "Vescovi,G"]
[Result "1/2-1/2"]
[WhiteElo "2335"]
[BlackElo "2637"]

1.e4 c5 2.Nf3 e6 3.d4 cxd4 4.Nxd4 a6 5.Nc3 d6 6.Be3 Nf6 7.g4 e5 8.Nf5 g6
9.g5 gxf5 10.exf5 d5 11.gxf6 d4 12.Bc4 Qc7 13.Qe2 dxc3 14.O-O-O Bxf5 15.Rhg1 cxb2+
16.Kb1 Nc6 17.Rg5 Be6 18.Bxe6 fxe6 19.Bb6 Qf7 20.Rxe5 Nxe5 21.Qxe5 Ba3 22.Qa5 O-O
23.Qxa3 Qxf6 24.Qe3 Rac8 25.Rg1+ Kf7 26.Qe4 Rc6 27.Qxh7+ Ke8 28.Qxb7 Qc3
29.Qa8+ Kf7 30.Qb7+ Ke8 31.Qa8+ Kf7 32.Qb7+ Ke8  1/2-1/2

[Event "18th Zadar Open A"]
[Site "Zadar CRO"]
[Date "2011.12.14"]
[Round "5.9"]
[White "Szabo,Krisz1"]
[Black "Kulaots,K"]
[Result "1/2-1/2"]
[WhiteElo "2548"]
[BlackElo "2577"]

1.e4 c5 2.Nf3 e6 3.d4 cxd4 4.Nxd4 a6 5.Nc3 Qc7 6.Bd3 Nf6 7.O-O d6 8.Qe2 Nbd7
9.Bd2 Be7 10.Kh1 O-O 11.f4 Nc5 12.Rae1 b5 13.b4 Nxd3 14.cxd3 Bb7 15.Rf3 Rfe8
16.Rh3 Nd7 17.Qh5 Nf8 18.Nf3 Bf6 19.d4 g6 20.Qg4 Bg7 21.e5 Red8 22.Ng5 Qc4
23.Nce4 Qxa2 24.Bc3 h6 25.Nxd6 Rxd6 26.exd6 hxg5 27.d5 Bxc3 28.Rxc3 Qxd5
29.Rd1 Qe4 30.Qxg5 Nh7 31.Qg3 Nf6 32.d7 Rd8 33.f5 exf5 34.Re1 Qd5 35.Rd3 Qc6
36.Rd6 Ne4 37.Rxe4 Qxe4 38.Rxg6+ Kh7 39.Rg7+ Kh8 40.h3 Qxg2+ 41.Qxg2 Bxg2+
42.Rxg2 Rxd7 43.Ra2 Rd6 44.Kg2 Kg7 45.Kf3 Kf6 46.h4 Rd3+ 47.Ke2 Rd4 48.Rxa6+ Ke5
49.h5 Rxb4 50.h6 Kf4 51.h7 Rb2+ 52.Kf1 Rh2 53.Ra5 b4 54.Rb5 Kg3 55.Kg1 Rxh7
56.Rxb4 f4 57.Rb2 f3 58.Rg2+ Kf4 59.Ra2 f6 60.Rb2 Re7 61.Rb8 Re1+ 62.Kf2 Re2+
63.Kf1 Rd2 64.Rb7 f5 65.Rb8 Rd1+ 66.Kf2 Rd2+ 67.Kf1 Ra2 68.Rb7 Ra4 69.Kf2 Rc4
70.Rb8 Rc2+ 71.Kf1 Rd2 72.Ra8 f2 73.Kg2 Rc2 74.Kf1 Kg4 75.Kg2 Rd2 76.Ra7 Rb2
77.Ra8 Kf4 78.Kf1 Kg3 79.Ra3+ Kg4 80.Rg3+ Kf4 81.Ra3 Rd2 82.Ra4+ Ke3 83.Ra3+ Rd3
84.Rxd3+ Kxd3 85.Kxf2 Ke4 86.Ke2 f4 87.Kf2 f3 88.Kf1 Ke3 89.Ke1 f2+ 90.Kf1 Kf3  1/2-1/2

[Event "18th Zadar Open A"]
[Site "Zadar CRO"]
[Date "2011.12.16"]
[Round "8.10"]
[White "Mazi,L"]
[Black "Cvitan,O"]
[Result "0-1"]
[WhiteElo "2353"]
[BlackElo "2523"]

1.e4 c5 2.Nf3 e6 3.d4 cxd4 4.Nxd4 a6 5.Nc3 Qc7 6.g3 Nf6 7.Bg2 Be7 8.Qe2 d6
9.Be3 O-O 10.g4 Nc6 11.g5 Nxd4 12.Bxd4 Nd7 13.f4 b5 14.h4 b4 15.Nd1 Bb7 16.Nf2 e5
17.Be3 exf4 18.Bxf4 a5 19.O-O-O Ne5 20.Kb1 a4 21.Rh3 Bc8 22.Rg3 Be6 23.Bh3 Bc4
24.Qd2 Qb6 25.Be3 Qb5 26.Re1 b3 27.cxb3 axb3 28.a3 Be6 29.Bd4 Rfc8 30.Bc3 Ra4
31.Bxe6 fxe6 32.Qe2 Qxe2 33.Rxe2 Ng6 34.Rg4 Bd8 35.h5 Ne5 36.Rg3 Nc6 37.g6 e5
38.Ng4 Bb6 39.Rf3 hxg6 40.hxg6 Rf8 41.Nh2 Rf6 42.Rg3 Bc5 43.Kc1 Ne7 44.Be1 Nxg6
45.Rxb3 Nf4 46.Rc2 Rxe4 47.Bd2 Ne2+ 48.Kd1 Nd4 49.Rb8+ Kh7 50.Rc3 Rh4 51.Bg5 Rxh2
52.Bxf6 gxf6 53.b4 Kg6 54.bxc5 dxc5 55.Rxc5 Kf5 56.Rb6 Ke4 57.Rxf6 Rh1+  0-1

[Event "18th Zadar Open A"]
[Site "Zadar CRO"]
[Date "2011.12.17"]
[Round "9.8"]
[White "Kadric,D"]
[Black "Bosiocic,Mari"]
[Result "1/2-1/2"]
[WhiteElo "2403"]
[BlackElo "2593"]

1.e4 c5 2.Nf3 e6 3.d4 cxd4 4.Nxd4 a6 5.Nc3 Qc7 6.Bd3 Nf6 7.O-O d6 8.Be3 Be7
9.f4 Nbd7 10.Qf3 b6 11.Kh1 Bb7 12.Qg3 g6 13.Rae1 h5 14.h3 h4 15.Qf2 Nh5 16.Nde2 f5
17.Kh2 Nc5 18.exf5 gxf5 19.Nd4 Ng3 20.Rg1 Rh6 21.Nf3 Rg6 22.Bd4 Kf7 23.b4 Nxd3
24.cxd3 b5 25.Rc1 Qd7 26.Ne2 Rag8 27.Bb6 Qe8 28.Ned4 Qa8 29.Rc7 Ke8 30.Qe3 Bd5
31.Qc1 Bd8 32.Rc8 Nf1+ 33.Kh1 Ng3+ 34.Kh2 Nf1+ 35.Kh1  1/2-1/2

[Event "18th Zadar Open A"]
[Site "Zadar CRO"]
[Date "2011.12.17"]
[Round "9.10"]
[White "Pap,G"]
[Black "Bukal,V jr"]
[Result "1-0"]
[WhiteElo "2492"]
[BlackElo "2423"]

1.d4 e6 2.Nf3 c5 3.e4 a6 4.Nc3 cxd4 5.Nxd4 Bb4 6.Bd3 Nc6 7.Nxc6 bxc6 8.O-O Ne7
9.e5 Ng6 10.f4 d5 11.exd6 f5 12.Na4 Bxd6 13.Be3 Rb8 14.Bc4 Qc7 15.Qd2 Ne7
16.Bc5 Nd5 17.Bxd5 cxd5 18.b4 O-O 19.Qd4 g5 20.Bxd6 Qxd6 21.Nc5 gxf4 22.Rae1 e5
23.Rxe5 Rxb4 24.Qxb4 Qxe5 25.Re1 Qd6 26.Qd4 f3 27.gxf3 f4 28.c4 Kf7 29.Kh1 Rg8
30.Ne4 Qe7 31.Qxd5+ Kf8 32.Qd2 Rg6 33.Qxf4+ Kg7 34.Rg1 Bb7 35.Ng3 Kg8 36.Rb1 Bc8
37.Ne4 Kg7 38.Qb8 Qf7 39.Qe5+ Kh6 40.Qc3 Bh3 41.Qe3+ Kg7 42.Ng3 Qd7 43.Nh5+ Kf8
44.Qf4+ Bf5 45.Ng3 Rf6 46.Ne4 Qd3 47.Rb8+ Ke7 48.Rb7+ Kf8 49.Qb8+  1-0

[Event "ch-POR w 2011-12"]
[Site "Lisbon POR"]
[Date "2011.12.18"]
[Round "2.3"]
[White "Oliveira,Maria"]
[Black "Ferreira,Ana"]
[Result "1-0"]
[WhiteElo "1870"]
[BlackElo "1839"]

1.e4 c5 2.Nf3 e6 3.d4 cxd4 4.Nxd4 a6 5.Nc3 Qc7 6.Bd3 Nf6 7.f4 d6 8.O-O b5
9.Nf3 Nbd7 10.Qe1 Bb7 11.e5 dxe5 12.fxe5 Bc5+ 13.Kh1 Ng4 14.Qg3 h5 15.h3 Bxf3
16.Qxf3 O-O-O 17.Bf4 Ngxe5 18.Bxe5 Qxe5 19.Qc6+ Kb8 20.Be4  1-0

[Event "FIDE Women's World Teams"]
[Site "Mardin TUR"]
[Date "2011.12.19"]
[Round "2"]
[White "Dembo,Y"]
[Black "Pham Le Thao Nguyen"]
[Result "1/2-1/2"]
[WhiteElo "2468"]
[BlackElo "2341"]

1.e4 c5 2.Nf3 e6 3.Nc3 a6 4.d4 cxd4 5.Nxd4 b5 6.Bd3 Qb6 7.Bf1 Qd8 8.Bd3 Qb6
9.Nb3 Qc7 10.O-O Bb7 11.Qe2 Nc6 12.Bd2 Nf6 13.Rae1 Nb4 14.e5 Nxd3 15.cxd3 Nd5
16.Rc1 Qb8 17.d4 f5 18.Na5 Nxc3 19.Rxc3 Bd5 20.Rfc1 Be7 21.Qh5+ g6 22.Qh6 Kf7
23.Bg5 Qf8 24.Qh4 h6 25.Bf6 Qd8 26.Bxe7 Qxe7 27.Qxe7+ Kxe7 28.Rc7 Rhb8 29.b4 Kd8
30.a3 Rc8 31.R7c5 g5 32.R1c3 g4 33.g3  1/2-1/2

[Event "FIDE Women's World Teams"]
[Site "Mardin TUR"]
[Date "2011.12.20"]
[Round "3"]
[White "Soumya,Sw"]
[Black "Van Niekerk,Lauren"]
[Result "1-0"]
[WhiteElo "2302"]
[BlackElo "1607"]

1.e4 c5 2.Nf3 e6 3.d4 cxd4 4.Nxd4 a6 5.Nc3 Qc7 6.Bd3 Bc5 7.Nb3 Ba7 8.Qg4 g6
9.Bf4 d6 10.Qg3 e5 11.Nd5 Qd8 12.Bxe5 dxe5 13.Qxe5+ Kf8 14.Qxh8 h6 15.O-O-O Nc6
16.f4 Be6 17.Be2 Rc8 18.Kb1 Bb8 19.g4 Ne7 20.Nf6 Qc7 21.Nd4 Bd7 22.Nh7+ Ke8
23.Nf6+ Kf8 24.Nh7+ Ke8 25.Qg7 Kd8 26.Qf8+ Be8 27.Ne6+  1-0

[Event "48th Groningen Open A"]
[Site "Groningen NED"]
[Date "2011.12.21"]
[Round "1.4"]
[White "Rietveld,R"]
[Black "Zherebukh,Y"]
[Result "0-1"]
[WhiteElo "2264"]
[BlackElo "2594"]

1.e4 c5 2.Nf3 e6 3.d4 cxd4 4.Nxd4 a6 5.Nc3 Qc7 6.Bd3 Nf6 7.Qe2 Bc5 8.Nb3 Bd6
9.Be3 b5 10.O-O-O Be5 11.g4 Bb7 12.Bd2 b4 13.Na4 Bc6 14.Nac5 a5 15.Bb5 a4
16.Nxa4 Bxe4 17.Bxb4 Bxh1 18.Rxh1 Nd5 19.Bc5 Bd6 20.c4 Bxc5 21.Naxc5 Qf4+
22.Kb1 Nc7 23.Nd3 Qd6 24.Rd1 Qb6 25.a4 Nxb5 26.axb5 O-O 27.Qe3 Qc7 28.c5 Qb7
29.Nd4 Qd5 30.Qf3 Qa2+ 31.Kc2 Na6 32.bxa6 Qc4+ 33.Kd2 Qxd4 34.Ra1 Rfb8 35.Ke2 e5
36.Qe3 Rxb2+ 37.Kf3 Rxf2+  0-1

[Event "FIDE Women's World Teams"]
[Site "Mardin TUR"]
[Date "2011.12.21"]
[Round "4"]
[White "Iordanidou,Z"]
[Black "Vasilevich,T"]
[Result "0-1"]
[WhiteElo "2169"]
[BlackElo "2412"]

1.e4 c5 2.Nf3 e6 3.d4 cxd4 4.Nxd4 a6 5.Nc3 Qc7 6.Be2 Nf6 7.O-O Nc6 8.Be3 d6
9.f4 Be7 10.Qe1 O-O 11.Rd1 Nxd4 12.Bxd4 b5 13.Bf3 e5 14.fxe5 dxe5 15.Qg3 Bc5
16.Bxc5 Qxc5+ 17.Kh1 Bb7 18.Nd5 Bxd5 19.exd5 e4 20.Bg4 Nxg4 21.Qxg4 Qxc2
22.Rde1 Rad8 23.Qxe4 Qxe4 24.Rxe4 Rxd5 25.Rfe1 Rd2 26.R4e2 Rxe2 27.Rxe2 Rc8
28.Kg1 g5 29.b3 h6 30.g3 Rc3 31.g4 f6 32.Kg2 Rc6 33.Rf2 h5 34.h3 h4 35.Kh2 Kf7
36.Re2 Re6 37.Rc2 Ke7 38.Rd2 Rc6 39.Kg2 Ke6 40.Re2+ Kd5 41.Rd2+ Ke4 42.Rf2 Kd3
43.Kf3 Rc1 44.Rb2 b4 45.Rf2 Rg1  0-1

[Event "XXII Cajacanarias Christmas"]
[Site "Santa Cruz de Tenerife ESP"]
[Date "2011.12.21"]
[Round "4"]
[White "Fernandez Garcia,JoseL1"]
[Black "Barlov,D"]
[Result "1/2-1/2"]
[WhiteElo "2434"]
[BlackElo "2450"]

1.e4 c5 2.Nf3 a6 3.Nc3 e6 4.d4 cxd4 5.Nxd4 Qc7 6.Be2 Nf6 7.O-O Nc6 8.Be3 Be7
9.f4 d6 10.a4 O-O 11.Kh1 Bd7 12.Bd3 Nxd4 13.Bxd4 e5 14.Be3 exf4 15.Bxf4 Be6
16.Qf3 Nd7  1/2-1/2

[Event "48th Groningen Open A"]
[Site "Groningen NED"]
[Date "2011.12.23"]
[Round "3.7"]
[White "Kovchan,A"]
[Black "Thesing,M"]
[Result "1-0"]
[WhiteElo "2573"]
[BlackElo "2409"]

1.e4 c5 2.Nf3 e6 3.d4 cxd4 4.Nxd4 a6 5.Nc3 Qc7 6.Bd3 Nf6 7.O-O Nc6 8.Nxc6 dxc6
9.f4 e5 10.Kh1 Bd6 11.f5 h5 12.a4 a5 13.Qf3 Bc5 14.Nd1 b6 15.Qg3 Kf8 16.Be3 Bxe3
17.Nxe3 h4 18.Qf3 Bb7 19.Ng4 Rd8 20.Rad1 c5 21.Nxf6 gxf6 22.b3 Ke7 23.c3 Qc8
24.Qe2 Qa8 25.Rde1 Bc6 26.Bc4 Rd6 27.Rf3 Rhd8 28.Re3 Rh8 29.Kg1 Qg8 30.Rd3 Rxd3
31.Qxd3 h3 32.g3 Qa8 33.Qe2 Qg8 34.Rd1 Qa8 35.Qd3 Qb8 36.Kf2 Qc7 37.Kf3 Rg8
38.g4 Qb8 39.Kg3 Rh8 40.Kf3 Qc7 41.Qd2 Rg8 42.Qd3 Rf8 43.Rd2 Rg8 44.Kg3 Rh8
45.Bd5 Bxd5 46.Qxd5 c4 47.bxc4 Rc8 48.Kh4 Kf8 49.g5 Kg7 50.gxf6+ Kxf6 51.Kxh3 Qc5
52.Qd3 Rh8+ 53.Kg2 Rg8+ 54.Kf3 Rh8 55.h4 Rc8 56.Qd7 Rc6 57.Qd8+  1-0

[Event "FIDE Women's World Teams"]
[Site "Mardin TUR"]
[Date "2011.12.25"]
[Round "7"]
[White "Fakhiridou,E"]
[Black "Sachdev,T"]
[Result "1/2-1/2"]
[WhiteElo "2180"]
[BlackElo "2428"]

1.e4 c5 2.Nf3 e6 3.d4 cxd4 4.Nxd4 a6 5.Nc3 Qc7 6.Bd3 Nf6 7.O-O Nc6 8.Nxc6 bxc6
9.Qe2 d5 10.Bg5 Be7 11.e5 Nd7 12.Bxe7 Kxe7 13.Rfe1 Bb7 14.Nd1 c5 15.b3 h6
16.f4 g6 17.Nf2 Nb8 18.Qe3 Kf8 19.c4 d4 20.Qd2 a5 21.a3 Kg7 22.Ne4 Bxe4 23.Bxe4 Nc6
24.Rf1 Rab8 25.Rf3 Rb6 26.Bc2 Rb7 27.Re1 h5 28.Be4 Rb6 29.Rg3 Rhb8 30.Bc2 R6b7
31.Qd1 Rh8 32.Be4 Rbb8 33.Qd2 Ne7  1/2-1/2

[Event "48th Groningen Open A"]
[Site "Groningen NED"]
[Date "2011.12.26"]
[Round "5.1"]
[White "Tiviakov,S"]
[Black "Zherebukh,Y"]
[Result "1/2-1/2"]
[WhiteElo "2650"]
[BlackElo "2594"]

1.e4 c5 2.Nc3 e6 3.Nge2 a6 4.d4 cxd4 5.Nxd4 Qc7 6.Bd3 Nf6 7.O-O d6 8.a4 Nbd7
9.a5 Nc5 10.Bd2 Be7 11.b4 Nxd3 12.cxd3 e5 13.Nde2 O-O 14.Na4 Qd8 15.Nb6 Rb8
16.Nc3 Be6 17.f4 exf4 18.Bxf4 Nd7 19.Nbd5 Ne5 20.d4 Ng6 21.Bg3 f5 22.Qd3 Bxd5
23.Nxd5 fxe4 24.Qxe4 Qd7 25.h4 Bxh4 26.Bxh4 Rxf1+ 27.Rxf1 Re8 28.Ne7+ Nxe7
29.Re1 d5 30.Qe5 Kf8 31.Rf1+ Kg8 32.Re1 Kf8 33.Rf1+ Kg8  1/2-1/2

[Event "V Stadium Casablanca Open"]
[Site "Zaragoza ESP"]
[Date "2011.12.26"]
[Round "3"]
[White "Romon Poves,R"]
[Black "Korneev,O"]
[Result "0-1"]
[WhiteElo "2296"]
[BlackElo "2608"]

1.e4 c5 2.Nf3 e6 3.d4 cxd4 4.Nxd4 a6 5.Nc3 Qc7 6.f4 b5 7.Bd3 Bb7 8.Qf3 Nf6
9.g4 b4 10.Nce2 d6 11.Be3 h5 12.g5 Ng4 13.Bd2 e5 14.Nf5 g6 15.Ne3 Nxe3 16.Qxe3 Bg7
17.Bxb4 exf4 18.Nxf4 Bxb2 19.Rb1 Be5 20.O-O O-O 21.c4 Nd7 22.Nd5 Bxd5 23.cxd5 Nc5
24.Rfc1 Rfc8 25.Rc4 Qd8 26.Be2 a5 27.Ba3 Rab8 28.Rcc1 Rxb1 29.Rxb1 Na4 30.Rc1 Rc3
31.Rxc3 Nxc3 32.Bc4 Qc8 33.Qd3 Qg4+ 34.Kh1 Nxe4 35.Qe2 Qh3 36.Qg2 Ng3+  0-1

[Event "V Stadium Casablanca Open"]
[Site "Zaragoza ESP"]
[Date "2011.12.26"]
[Round "4"]
[White "Forcen Esteban,D"]
[Black "Korneev,O"]
[Result "0-1"]
[WhiteElo "2410"]
[BlackElo "2608"]

1.e4 c5 2.Nf3 e6 3.d4 cxd4 4.Nxd4 a6 5.Nc3 Qc7 6.Be2 Nc6 7.Be3 Nf6 8.O-O Bb4
9.f4 Bxc3 10.bxc3 Nxe4 11.Bf3 d5 12.f5 exf5 13.Bxe4 dxe4 14.Nxf5 Bxf5 15.Rxf5 g6
16.Rd5 Rd8 17.Bg5 Rxd5 18.Qxd5 O-O 19.Qxe4 Qe5 20.Qxe5 Nxe5 21.Re1 Re8 22.Kf1 Re6
23.Rd1 f6 24.Bc1 Kf7 25.Rd8 Rc6 26.Rb8 b5 27.Rb7+ Ke8 28.Bd2 h5 29.Rg7 Rc4
30.a3 Ra4 31.Bc1 Rc4 32.Bd2 Ra4 33.Bc1 Kf8 34.Bh6 Rxa3 35.Rxg6+ Kf7 36.Rg7+ Ke6
37.Ra7 Ng4 38.Bf8 Ra2 39.Ke1 Nxh2 40.Kd2 Nf1+ 41.Kd3 Ng3 42.Rb7 Nf5 43.Rh7 Ra4
44.Rxh5 Rg4 45.Rh7 Rg3+ 46.Ke4 Rxc3 47.Ra7 Rc4+ 48.Kd3 Rc6 49.g4 Nd6 50.Re7+ Kd5
51.Bg7 Rc4 52.Bxf6 Rxg4 53.Ra7 Rg3+ 54.Ke2 Rg6 55.Bd8 Nc4 56.Rd7+ Kc5 57.Be7+ Kc6
58.Ra7 Re6+ 59.Kd3 Kb6  0-1

[Event "Cracovia Open A"]
[Site "Krakow POL"]
[Date "2011.12.27"]
[Round "1.18"]
[White "Marek,Mar"]
[Black "Grinev,V"]
[Result "1-0"]
[WhiteElo "2151"]
[BlackElo "2396"]

1.e4 c5 2.Nf3 e6 3.d4 cxd4 4.Nxd4 a6 5.Nc3 Qc7 6.Be2 Nf6 7.O-O Nc6 8.Be3 Bb4
9.Nxc6 bxc6 10.Na4 Rb8 11.Nc5 Bxc5 12.Bxc5 Nxe4 13.Ba3 c5 14.Bd3 Nf6 15.Qe2 a5
16.b3 d6 17.Bb2 Ke7 18.a4 Bb7 19.c4 Bc6 20.Bc2 Rhg8 21.f4 Qb7 22.Rae1 Rge8
23.Bc3 Ra8 24.g4 g6 25.g5 Nd7 26.f5 e5 27.h4 Qc7 28.h5 gxf5 29.Rxf5 Rg8 30.Ref1 Raf8
31.Qe1 Ba8 32.Kh2 Qc6 33.Rg1 f6 34.Qh4 fxg5 35.Rfxg5 Rxg5 36.Qxg5+ Ke8 37.Be1 Nf6
38.Qf5 Rf7 39.Bh4 Qf3 40.Qe6+ Kf8 41.Qxd6+ Ke8  1-0

[Event "XXII Cajacanarias Christmas"]
[Site "Santa Cruz de Tenerife ESP"]
[Date "2011.12.27"]
[Round "7"]
[White "Rodriguez Vera,G"]
[Black "Barlov,D"]
[Result "0-1"]
[WhiteElo "2137"]
[BlackElo "2450"]

1.e4 c5 2.Nf3 e6 3.Nc3 a6 4.d4 cxd4 5.Nxd4 Qc7 6.Be3 Nf6 7.Bd3 Bb4 8.Ne2 Nc6
9.O-O Be7 10.Kh1 b5 11.Bf4 d6 12.Ng3 O-O 13.h3 Bb7 14.Be3 Ne5 15.f4 Nc4 16.Bc1 Rac8
17.b3 Nb6 18.Bd2 b4 19.Nce2 d5 20.e5 Ne4 21.Be3 f5 22.Bxe4 dxe4 23.Nd4 Nd5
24.Bc1 Qb6 25.Qd2 a5 26.a4 Ba6 27.Nb5 Bxb5 28.axb5 Qxb5 29.Bb2 Rfd8 30.Qf2 Bc5
31.Qe2 Qxe2 32.Nxe2 Ne3 33.Bc1  0-1

[Event "XLI Rilton Cup 2011-12"]
[Site "Stockholm SWE"]
[Date "2011.12.27"]
[Round "1"]
[White "Olofsson-Dolk,Mattis"]
[Black "Dragicevic,Draz"]
[Result "1/2-1/2"]
[WhiteElo "1988"]
[BlackElo "2312"]

1.e4 c5 2.Nf3 e6 3.d4 cxd4 4.Nxd4 a6 5.Nc3 b5 6.Bd3 Qb6 7.Nf3 d6 8.O-O Nf6
9.Re1 Nbd7 10.b3 Be7 11.Bb2 O-O 12.a4 b4 13.a5 Qc5 14.Nb1 e5 15.Nbd2 Re8
16.Nc4 Bf8 17.c3 d5 18.cxb4 Qc7 19.Nb6 Nxb6 20.axb6 Qxb6 21.exd5 e4 22.Bxf6 Qxf6
23.Rxe4 Rxe4 24.Bxe4 Rb8 25.Rc1 Bd7 26.Qd3 g6 27.Nd4 Rxb4 28.Nc6 Rb5 29.h3 Bc5
30.Qf3 Qxf3 31.Bxf3 Bd6 32.Rc3 Kg7 33.g4 Kf6 34.Kg2 Kg5 35.Re3 Kf6 36.Rc3 h6
37.Re3 Rc5 38.b4 Rb5 39.Ra3 Rb6 40.Be2 Bc8 41.Rf3+ Kg7 42.Nd8 f5 43.Rc3 Bd7
44.Ne6+ Bxe6 45.dxe6 Bxb4 46.Rc7+ Kf6 47.Bc4 Be7 48.Ra7 fxg4 49.hxg4 Rb4
50.Be2 Rb2 51.Kf3 Rb3+ 52.Kg2 Rb2 53.Kf3 Rb3+  1/2-1/2

[Event "XLI Rilton Cup 2011-12"]
[Site "Stockholm SWE"]
[Date "2011.12.27"]
[Round "1"]
[White "Denisov,I"]
[Black "Hedstrom,Johan"]
[Result "1-0"]
[WhiteElo "2348"]
[BlackElo "2100"]

1.e4 c5 2.Nf3 e6 3.d4 cxd4 4.Nxd4 a6 5.Nc3 Qc7 6.g3 Nf6 7.Bg2 d6 8.O-O Be7
9.a4 O-O 10.Qe2 Nc6 11.Nb3 Nb4 12.f4 Bd7 13.Be3 Rac8 14.h3 Qb8 15.Rfd1 Rfd8
16.Bb6 Re8 17.Rd2 e5 18.fxe5 dxe5 19.Rad1 Be6 20.Nd5 Nbxd5 21.exd5 Bd7 22.d6 Bd8
23.Bxd8 Rcxd8 24.Nc5 Qa7 25.Qf2 b6 26.Nxd7 Nxd7 27.Bd5 Rf8 28.a5 Qb8 29.axb6 Nxb6
30.Bb3 Nd7 31.Kh2 Nf6 32.Qe3 Rfe8 33.c4 Qb4 34.c5 Rb8 35.d7 Nxd7 36.Bxf7+ Kxf7
37.Rxd7+ Re7 38.Rf1+ Ke8 39.Rxe7+ Kxe7 40.Qxe5+ Kd7 41.Qd6+  1-0

[Event "28th Geneva Open A"]
[Site "Geneva SUI"]
[Date "2011.12.28"]
[Round "4"]
[White "Burnier,D"]
[Black "Satta,V"]
[Result "1-0"]
[WhiteElo "2325"]
[BlackElo "2249"]

1.e4 c5 2.Nf3 e6 3.d4 cxd4 4.Nxd4 a6 5.Nc3 Qc7 6.Be2 Nf6 7.O-O Nc6 8.Be3 b5
9.Nxc6 dxc6 10.f4 Bb7 11.e5 b4 12.exf6 bxc3 13.Qd4 cxb2 14.Qxb2 gxf6 15.Rab1 Bc8
16.Qxf6 Rg8 17.Bf3 Bd7 18.Bh5 Rg7 19.f5 exf5 20.Rfe1  1-0

[Event "Cracovia Open A"]
[Site "Krakow POL"]
[Date "2011.12.28"]
[Round "2.16"]
[White "Marie,M"]
[Black "Sivuk,V"]
[Result "0-1"]
[WhiteElo "2202"]
[BlackElo "2432"]

1.e4 c5 2.Nf3 e6 3.d4 cxd4 4.Nxd4 a6 5.Nc3 b5 6.Bd3 Bb7 7.O-O Nc6 8.Nxc6 Bxc6
9.Qe2 Bc5 10.a4 b4 11.Nd5 a5 12.Bf4 Bxd5 13.exd5 Nf6 14.dxe6 fxe6 15.Rad1 O-O
16.Kh1 Qb6 17.Be5 Rad8 18.f4 g6 19.f5 exf5 20.Bxf5 gxf5 21.Rxf5 d5 22.Rg5+ Kh8
23.Qh5 Rde8 24.Qh6 Rf7 25.Rf1 Rxe5 26.Rxe5 Bf8 27.Re8 Nxe8  0-1